Max Weber και το φάντασμα του Marx
Saved in:
| Main Author: | |
|---|---|
| Format: | Book |
| Language: | Greek |
| Published: |
[Αθήνα] :
Παπαζήσης,
1988
|
| Subjects: | |
| Tags: |
Add Tag
No Tags, Be the first to tag this record!
|
MARC
| LEADER | 00000nam a2200000 i 4500 | ||
|---|---|---|---|
| 001 | 1/89083 | ||
| 008 | 960923s1988 gre d | ||
| 035 | |a 1990 |b 2 |c Χιωτάκης |l 10035660 | ||
| 040 | |a GR-MY-UA |b gre |e aacr | ||
| 041 | 0 | |a gre | |
| 082 | 0 | |a 301.092 | |
| 100 | 1 | |a Τερλεξής, Πανταζής. | |
| 245 | 1 | 0 | |a Max Weber και το φάντασμα του Marx / |c Πανταζής Τερλεξής |
| 260 | |a [Αθήνα] : |b Παπαζήσης, |c 1988 | ||
| 300 | |a 154 σ. | ||
| 600 | 1 | 0 | |a Weber, Max, |d 1864-1920 |x Contributions in political sociology. |
| 650 | 0 | 0 | |a Sociology. |
| 650 | 0 | 0 | |a Political sociology. |
| 852 | |a INST |b RHODES |e 19960923 |h 301.092 ΤΕΡ |p 005400008035 |q 005400008035 |t BK |y 0 | ||
| 852 | |a INST |b RHODES |e 20010129 |h 301.092 ΤΕΡ |p 005400017369 |q 005400017369 |t BK |y 0 | ||
| 909 | |a Ρ |b 017851 |c 1990 | ||
| 909 | |a Ρ |b 078635 |c 1990 | ||
| 970 | |z 2000/07/ΚΑΤΕΡΙΝΑ | ||